000 01006nam a2200241 i 4500
001 18293
003 DO-SdUEMH
005 20260106155803.0
007 ta
008 260106b1984 dr |||| |||| 10| 0 spa d
040 _aDO-SdUEMH
_bspa
_erda
041 _aspa
082 1 4 _mRD
_bE56p
245 1 0 _aPrensa y política en la República Dominicana /
_cexpositores: Rafael Molina Morillo, Aníbal de Castro, Rafael Niñez Grassals, Juan Bolívar Diaz, José Cabrera ; Frank Moya Pons
264 0 1 _aSanto Domingo, República Dominicana
_bForum,
_c1984
300 _a173 paginas ;
_c22 cm.
336 _2rdacontent
_atexto
_btxt
337 _2rdamedia
_asin mediación
_bn
338 _2rdacarrier
_avolumen
_bnc
490 _aForum ;
_v11
505 0 _aPresentación -- palabras de apertura -- Introducción -- Prensa y estado -- Debate -- Objetividad y grupos de interés -- Debate -- Periodismo y democracia en República Dominicana -- Debate -- Prensa y política dominicana -- Debate.
942 _2ddc
_n0
_cBK
999 _c18293
_d18293